000 00986nam a22001817a 4500
005 20231114152123.0
010 _aB-755533
020 _a9789355620125
_c350.00
035 _aB-755533
082 _a824
245 _aयायावर शब्दशिल्पी/
_bपं. बनारसीदास चतुर्वेदी;
_cआशुतोष चतुर्वेदी द्वारा संपादित
260 _aनई दिल्ली
_bप्रभात प्रकाशन प्रा. लि.
_c2022
270 _bनई दिल्ली
_a4/19 आसफ अलीरोड
_e110002
_mprabhatbooks@gmail.com
300 _a183 पृ.
_c22 सेमी (सजिल्द)
700 _aचतुर्वदी ,आशुतोष
_eसंपादक
_958621
942 _2ddc
_cHN
_h824
_mचतुर्वे
999 _c197315
_d197315